000
00336nam a22001457a 4500
008
230622b ||||| |||| 00| 0 eng d
020
_a
9781555421733
041
_a
eng
080
_a
159.9
082
_a
159.9ADA
100
_a
25
101
_a
PSI
245
_a
DESIGNING AND CONDUCTING HEALTH SURVEYS
_c
ADAY .A. L
942
_2
udc
_c
BK
999
_c
60018
_d
60018